Gelderland Trivia Quiz - Statistieken

Algemene statistieken
  • Deze quiz is 1.603 keer genomen
    1.358 sinds de laatste reset
  • De gemiddelde score is 10 van 19
Antwoordstatistieken
Hint Antwoord % Correct
Hoofdstad van Gelderland Arnhem
97%
Kleuren van de Gelderse vlag Geel
91%
Kleuren van de Gelderse vlag Blauw
89%
Twee grootste steden Nijmegen
88%
Kleuren van de Gelderse vlag Zwart
83%
Twee grootste steden Apeldoorn
76%
Voetbalclubs in de Eredivisie Vitesse Arnhem
74%
Voetbalclubs in de Eredivisie NEC Nijmegen
73%
Gelderland kent één grote dierentuin. Welke? Burgers' Zoo
58%
Thuisbasis van wat vroeger de Landbouwuniversiteit heette Wageningen
45%
Militaire operatie waar die slag onderdeel van was Market Garden
43%
Gelderland komt voort uit dit hertogdom Gelre
39%
Aangrenzende Duitse deelstaat Nordrhein-Westfalen
38%
De Rijn komt bij dit Gelderse plaatsje Nederland binnen Lobith
32%
Film over (o.a.) de Slag om Arnhem Een brug te ver
29%
Volk dat in 69-70 in opstand kwam tegen de Romeinse overheersing Bataven
23%
Locatie van een inmiddels gesloten kerncentrale Dodewaard
12%
Woongemeenschap voor gehandicapten in hoofdstad Het Dorp
11%
Bekende kunstenaarsfamilie uit de 14de eeuw Gebroeders Van Limburg
4%
Geen overeenkomende quizzen gevonden
Scoreverdeling
Procent van Mensen met Elke Score
Percentiel versus Aantal Correcte Antwoorden
Uw Scoregeschiedenis
U heeft deze quiz nog niet genomen sinds de laatste reset